The Bible unearthed : (Record no. 9885)

MARC details
000 -LEADER
fixed length control field 01140cam a22002894a 4500
001 - CONTROL NUMBER
control field 12070083
003 - CONTROL NUMBER IDENTIFIER
control field OSt
005 - DATE AND TIME OF LATEST TRANSACTION
control field 20210205114153.0
008 - FIXED-LENGTH DATA ELEMENTS--GENERAL INFORMATION
fixed length control field 000622s2001 nyuab b 001 0 eng
010 ## - LIBRARY OF CONGRESS CONTROL NUMBER
LC control number 00057311
020 ## - INTERNATIONAL STANDARD BOOK NUMBER
International Standard Book Number 0684869128
040 ## - CATALOGING SOURCE
Original cataloging agency DLC
Transcribing agency DLC
Modifying agency DLC
042 ## - AUTHENTICATION CODE
Authentication code pcc
050 00 - LIBRARY OF CONGRESS CALL NUMBER
Classification number BS621
Item number F499B
082 00 - DEWEY DECIMAL CLASSIFICATION NUMBER
Classification number 221.9/5
Edition number 21
Item number F499B
100 1# - MAIN ENTRY--PERSONAL NAME
Personal name Finkelstein, Israel.
245 14 - TITLE STATEMENT
Title The Bible unearthed :
Remainder of title archaeology's new vision of ancient Israel and the origin of its sacred texts /
Statement of responsibility, etc. Israel Finkelstein and Neil Asher Silberman.
260 ## - PUBLICATION, DISTRIBUTION, ETC.
Place of publication, distribution, etc. New York :
Name of publisher, distributor, etc. Free Press,
Date of publication, distribution, etc. c2001.
300 ## - PHYSICAL DESCRIPTION
Extent x, 385 p. :
Other physical details ill., maps ;
Dimensions 25 cm.
504 ## - BIBLIOGRAPHY, ETC. NOTE
Bibliography, etc. note Includes bibliographical references (p. 356-372) and index.
630 00 - SUBJECT ADDED ENTRY--UNIFORM TITLE
Uniform title Bible.
Name of part/section of a work Old Testament
General subdivision Antiquities.
630 00 - SUBJECT ADDED ENTRY--UNIFORM TITLE
Uniform title Bible.
Name of part/section of a work Old Testament
General subdivision Evidences, authority, etc.
700 1# - ADDED ENTRY--PERSONAL NAME
Personal name Silberman, Neil Asher,
Dates associated with a name 1950-
906 ## - LOCAL DATA ELEMENT F, LDF (RLIN)
a 7
b cbc
c orignew
d 1
e ocip
f 20
g y-gencatlg
942 ## - ADDED ENTRY ELEMENTS (KOHA)
Source of classification or shelving scheme Dewey Decimal Classification
Koha item type Books
Holdings
Withdrawn status Lost status Source of classification or shelving scheme Damaged status Not for loan Collection code Home library Current library Shelving location Date acquired Total Checkouts Full call number Barcode Date last seen Price effective from Koha item type
    Dewey Decimal Classification     Non-fiction Harvest Mission College Harvest Mission College General Stacks 09.02.2021   221.95 F499B 011343 09.02.2021 09.02.2021 Books

OPAC Designed and Maintained by HMC Library Team.
Copyright © HMC Library,Greater Noida, UP.
For any Suggestions/Query Contact library via Email:libhmc@gmail.com